Представление документа в формате RUSMARC

ПолеНазваниеЗначение
  Тип записи a
  Библиографический уровень m
001 Контрольный номер RU/IS/BASE/456238563
005 Дата корректировки 20240207193150.2
010 Индекс ISBN __
b Уточнения в пер.
d Цена 0 р. 65 к.
9 Тираж 70000 экз.
100 Данные общей обработки __
a Данные общей обработки 20140616d2014 ||| 0rusy0189 ca
101 Язык документа 0_
a Язык текста rus
102 Страна публикации __
a Страна публикации RU
105 Кодированные данные (монография) __
a Кодированные данные (монография) y###||||000|y
200 Заглавие и сведения об ответственности 1_
a Заглавие Тайны голубого экрана
b Общее обозначение материала Текст
e Сведения, относящиеся к заглавию книга для учащихся ст. классов
f Первые сведения об ответственности Л. П. Кравченко
f Первые сведения об ответственности предисл. Э. Багирова
210 Выходные данные 1_
a Место издания Москва
c Издательство Просвещение
d Дата издания 1974
215 Физическое описание __
a Объем 160 с.
c Иллюстрации/тип воспроизводства ил., портр.
300 Общие примечания __
a Общие примечания 8 кл.
606 Тематические рубрики 1_
a Основная рубрика Телевидение - Россия
610 Ключевые слова 1_
a Ключевые слова телевидение
a Ключевые слова история телевидения
a Ключевые слова Останкинская башня
a Ключевые слова работники телевидения
a Ключевые слова телепрограммы
686 Индексы других классификаций __
a Классификационный индекс 32.94
2 Код системы rubbk
700 Автор _1
a Фамилия Кравченко
b Имя (инициалы) Л. П.
801 Источник записи _0
a Страна RU
b Организация Ульяновская ОБДЮ
c Дата составления 20140616
g Правила каталогизации RCR
801 Источник записи _1
a Страна RU
b Организация Ульяновская ОБДЮ
c Дата составления 20140616
g Правила каталогизации RCR
852 Данные о местонахождении __
a Наименование организации Ульяновская ОБДЮ
i Авторский знак К 77
j Шифр хранения 32.94
901 Тип документа __
t Тип документа m
910 Корректоры записи __
a Корректор записи Плотникова
919 __
a Плотникова
938 Служебная информация __
a Имя БД MarkBase